La explosión de la crisis global: América Latina y Chile en la encrucijada

Salvato in:
Dettagli Bibliografici
Autore principale: Lara Cortés, Claudio (Autore)
Natura: Libro
Lingua:spagnolo
Pubblicazione: Santiago Lom 2009
Edizione:1a. ed
Serie:Ciencias Humanas
Soggetti:
Tags: Aggiungi Tag
Nessun Tag, puoi essere il primo ad aggiungerne!!

MARC

LEADER 00000nam a2200000 a 4500
001 UCH7583
003 CL-VaPUC
008 091119e20090000CL |||||||||||||||||spa|d
020 |a 9789560000972 
082 0 4 |a 332.042  |b LAR  |2 21 
100 |a Lara Cortés, Claudio  |e author  |9 581147 
245 1 3 |a La explosión de la crisis global: América Latina y Chile en la encrucijada 
250 |a 1a. ed 
300 |a 267 p 
942 |c BK 
945 |d 20091119 00:00:00  |a rbrito 
260 |a Santiago  |b Lom  |c 2009 
650 0 |a Economía internacional  |9 258254 
650 0 |a Crisis financiera  |9 435234 
651 0 |a América Latina   |9 255027 
651 7 |a CHILE  |2 CL-VaPUC  |9 543988 
583 |a last modification  |c 20091119 00:00:00  |k Rodrigo Vera 
490 0 |a Ciencias Humanas 
999 |c 338100  |d 338098 
952 |0 0  |1 0  |4 0  |6 332_042000000000000_LAR_2009  |7 0  |8 A  |9 430929  |a BIBCUR  |b BIBCUR  |d 2019-11-22  |i 4619250  |o 332.042 LAR 2009  |p 4619250  |r 2025-04-22  |w 2019-11-22  |y BK  |k PER